All Battles of the 3rd Coalition - Statistics

General Stats
  • This quiz has been taken 4 times
  • The average score is 12 of 31
Answer Stats
Year Battle % Correct
1805 Battle of Austerlitz
100%
1805 Battle of Trafalgar
100%
1805 Battle of Ulm
75%
1805 Battle of Caldiero
50%
1805 Battle of Cape Ortegal
50%
1805 Battle of Dürenstein
50%
1805 Battle of Elchingen
50%
1805 Battle of Memmingen
50%
1805 Battle of Schöngrabern
50%
1805 Battle of Verona
50%
1805 Battle of Amstetten
25%
1806 Battle of Blaauwberg
25%
1805 Battle of Blanc-Nez and Gris-Nez
25%
1806 Battle of Campo Tenese
25%
1805 Battle of Cape Finisterre
25%
1805 Battle of Castelfranco Veneto
25%
1805 Battle of Diamond Rock
25%
1805 Battle of Donauwörth
25%
1805 Battle of Günzburg
25%
1805 Battle of Haslach-Jungingen
25%
1805 Battle of Lambach
25%
1806 Battle of Maida
25%
1805 Battle of Mariazell
25%
1805 Battle of Mehrnbach
25%
1807 Battle of Mileto
25%
1804 Battle of Suriname
25%
1805 Battle of Wertingen
25%
1805 Battle of Wischau
25%
1805 Capitulation of Dornbirn
25%
1805-1806 Hanover Expedition
25%
1806 Siege of Gaeta
25%
No matching quizzes found
Score Distribution
Percent of People with Each Score
Percentile by Number Answered
Your Score History
You have not taken this quiz